Australia / (Record no. 343652)

000 -LEADER
fixed length control field 00728 a2200217 4500
020 ## - INTERNATIONAL STANDARD BOOK NUMBER
International Standard Book Number 0382095111
020 ## - INTERNATIONAL STANDARD BOOK NUMBER
International Standard Book Number 9780382095115
082 04 - DEWEY DECIMAL CLASSIFICATION NUMBER
Classification number 919.4
090 ## - LOCALLY ASSIGNED LC-TYPE CALL NUMBER (OCLC); LOCAL CALL NUMBER (RLIN)
-- 1121
-- 1121
100 1# - MAIN ENTRY--PERSONAL NAME
Personal name Cranshaw, Peter.
245 10 - TITLE STATEMENT
Title Australia /
Statement of responsibility, etc. Peter Cranshaw.
260 ## - PUBLICATION, DISTRIBUTION, ETC.
Place of publication, distribution, etc. [S.l.] :
Name of publisher, distributor, etc. Silver Burdett Pr,
Date of publication, distribution, etc. 1988.
300 ## - PHYSICAL DESCRIPTION
Extent 46 p. ;
Dimensions 25 cm.
490 1# - SERIES STATEMENT
Series statement People and places.
500 ## - GENERAL NOTE
General note Library Binding.
520 ## - SUMMARY, ETC.
Summary, etc. Text and illustrations introduce "the land down under."
830 #0 - SERIES ADDED ENTRY--UNIFORM TITLE
Uniform title People and places.
856 40 - ELECTRONIC LOCATION AND ACCESS
Materials specified Amazon.com
Uniform Resource Identifier <a href="http://www.amazon.com/exec/obidos/ASIN/0382095111/chopaconline-20">http://www.amazon.com/exec/obidos/ASIN/0382095111/chopaconline-20</a>
856 40 - ELECTRONIC LOCATION AND ACCESS
Materials specified Amazon customer reviews
Uniform Resource Identifier <a href="http://www.chopac.org/cgi-bin/tools/azrev.pl?q=0382095111">http://www.chopac.org/cgi-bin/tools/azrev.pl?q=0382095111</a>
942 ## - ADDED ENTRY ELEMENTS (KOHA)
Institution code [OBSOLETE] NBS
Koha item type Book
Call number prefix 919.4 CRA
Holdings
Withdrawn status Lost status Damaged status Not for loan Permanent Location Current Location Date acquired Total Checkouts Full call number Barcode Date last seen Date last checked out Price effective from Koha item type
        Central Library (CL) Central Library (CL) 08/28/2013 1 919.4 CRA NBS826 11/23/2017 08/29/2017 08/28/2013 Book
© 2023 Central Library, National University of Sciences and Technology. All Rights Reserved.